Jornades d'estudis catalano-americans: abril 1988

Saved in:
Bibliografiske detaljer
Format: Bog
Sprog:spansk
Udgivet: Barcelona Comissio America i Catalunya 1992
Fag:
Tags: Tilføj Tag
Ingen Tags, Vær først til at tagge denne postø!

MARC

LEADER 00000nam a2200000 a 4500
001 UCY3548
003 CL-VaPUC
005 20210609001827.0
008 950104e19920000sp 1 spa d
082 0 4 |a 337.467  |b JOR  |2 21 
245 1 0 |a Jornades d'estudis catalano-americans: abril 1988 
260 |a Barcelona  |b Comissio America i Catalunya  |c 1992 
300 |a 369 p 
583 |a last modification  |c 19950104 00:00:00  |k Rodrigo Vera 
650 0 0 |a Comercio  |9 255341 
651 7 |a CATALUÑA  |2 CL-VaPUC  |9 331857 
651 0 |a América  |9 255182 
942 |c BK 
945 |a rbrito  |d 19950104 00:00:00 
546 |a En Español 
518 |p Jornades d'estudis catalano-americans, 3, Barcelona, 1990 
999 |c 382336  |d 382334 
952 |0 0  |1 0  |4 0  |6 337_467000000000000_JOR_1992  |7 0  |8 A  |9 503966  |a BIBDER  |b BIBDER  |d 2020-01-23  |i 3044203  |o 337.467 JOR 1992  |p 3044203  |r 2023-01-25  |w 2020-01-23  |y BK  |k DER